Participatory Irrigation Management : Communication Strategies and skill development / (Record no. 924)

000 -LEADER
fixed length control field 00354 a2200109 4500
020 ## - INTERNATIONAL STANDARD BOOK NUMBER
International Standard Book Number 8183210945
082 ## - DEWEY DECIMAL CLASSIFICATION NUMBER
Classification number 333.913 GAU
100 ## - MAIN ENTRY--PERSONAL NAME
Personal name Gautam,U.S
245 ## - TITLE STATEMENT
Title Participatory Irrigation Management : Communication Strategies and skill development /
Statement of responsibility, etc. U.S.Gautam , A.K. Singh
260 ## - PUBLICATION, DISTRIBUTION, ETC.
Place of publication, distribution, etc. Udaipur:
Date of publication, distribution, etc. ATPA,
Name of publisher, distributor, etc. 2008.
300 ## - PHYSICAL DESCRIPTION
Extent 248p. :
Other physical details ill. ;
Dimensions 24 cm.
650 ## - SUBJECT ADDED ENTRY--TOPICAL TERM
Topical term or geographic name entry element irrigation management.
Holdings
Withdrawn status Lost status Damaged status Not for loan Permanent Location Current Location Shelving location Date acquired Total Checkouts Full call number Barcode Checked out Date last seen Date last checked out Price effective from Koha item type
        School of Civil and Environmental Engineering (SCEE) School of Civil and Environmental Engineering (SCEE)     2 333.913 GAU NIT-6761 05/29/2026 01/29/2026 01/29/2026 01/05/2017 Book
© 2023 Central Library, National University of Sciences and Technology. All Rights Reserved.